000 00538nam a2200181Ia 4500
001 11183
005 20260306161927.0
008 260306t2015||||xx |||||||||||||| ||spa||
041 _aESP
082 _a985.01
_bSH741
100 _aShady Solís, Ruth
_eAUT
245 0 _aÁspero, ciudad pesquera de la civilización Caral, 5000 años de ciencia y tecnología pesquera:
_b10 años recuperando su historial social
260 _c2015
300 _a114 páginas :
_c24 cm.
650 _aGEN
654 _aCHU
942 _cLIB
_dJUS
_fJUS
_2ddc
_n
999 _c11183
_d11183